[Event "FRA-chT Top 12"]
[Site "Drancy"]
[Date "2016.06.02"]
[Round "6.7"]
[White "Vuilleumier, Alexandre"]
[Black "Brunner, Nicolas"]
[Result "0-1"]
[WhiteElo "2384"]
[BlackElo "2442"]
[Annotator "RR"]
[PlyCount "92"]
[EventDate "2016.05.28"]
[EventType "team-tourn"]
[EventRounds "11"]
[EventCountry "FRA"]
[SourceTitle "CBM 172 Extra"]
[Source "ChessBase"]
[SourceDate "2016.06.21"]
[SourceVersion "1"]
[SourceVersionDate "2016.06.21"]
[SourceQuality "1"]
[WhiteTeam "Bois Colombes"]
[BlackTeam "Vandoeuvre"]
[WhiteTeamCountry "FRA"]
[BlackTeamCountry "FRA"]
[TimeControl "40/5400+30:1800+30"]

1. e4 {[%emt 0:00:30][%mdl 512]} c5 {[%emt 0:00:30] Prix de beauté de la
ronde 6} 2. Nf3 {[%emt 0:00:00]} d6 {[%emt 0:00:00]} 3. d4 {[%emt 0:00:00]}
cxd4 {[%emt 0:00:00]} 4. Nxd4 {[%emt 0:00:00]} Nf6 {[%emt 0:00:00]} 5. Nc3 {
[%emt 0:00:00]} a6 {[%emt 0:00:00]} 6. h3 {[%emt 0:00:30] La variante Fischer
est revenu à la mode depuis quelques années} e6 {[%emt 0:00:00]} 7. g4 {
[%emt 0:00:00]} Be7 {[%emt 0:00:00]} (7... d5 {La grande ligne}) 8. Be3 {
[%emt 0:01:00]} (8. Bg2 Nfd7 9. Be3 Nc6 10. Qe2 O-O 11. O-O-O Nxd4 12. Bxd4 Qc7
13. f4 b5 14. g5 b4 15. Na4 e5 16. Be3 exf4 17. Bxf4 Ne5 18. Qf2 Rb8 19. h4 Bg4
20. Rd2 Rfc8 21. b3 Qa5 22. Bh3 Be6 23. h5 Nc4 24. Re2 Bxg5 25. bxc4 Bxc4 26.
Bxg5 Qxg5+ 27. Re3 Bd3 28. Qg3 Rxc2+ 29. Kd1 Qxh5+ 30. Qg4 Qe5 31. Rxd3 Rxa2
32. Rd2 Qa1+ 33. Ke2 Rxd2+ 34. Kxd2 Qxh1 35. Nb2 Qh2+ 36. Bg2 h5 37. Qg5 Qe5 {
Caruana,F (2795)-Kasparov,G (2812) Saint Louis 2016 0-1}) 8... b5 {[%emt 0:07:
30]} (8... Nfd7) 9. g5 {[%emt 0:00:30]} Nfd7 {[%emt 0:00:00]} 10. Qd2 {[%emt 0:
00:30]} Bb7 {[%emt 0:01:00]} 11. a3 {[%emt 0:04:30] Les Blancs peuvent
difficilement se passer de coup de protection mais c'est un sérieux
affaiblissement de l'aile-dame} Nc6 {[%emt 0:00:30]} (11... Nb6 {[%cal Gb6c4]}
12. O-O-O N8d7 13. h4 Rc8 $132 {Hracek,Z (2631)-Zhigalko,A (2572) EU-ch 16th
Jerusalem 2015 (6) 0-1}) 12. O-O-O {[%emt 0:04:30]} Rc8 $146 {[%emt 0:02:30]
Le K Noir est moins exposé au centre qu'à l'ail-roi} (12... Nxd4 13. Qxd4 O-O
14. h4 Rc8 15. Kb1 Ne5 16. f4 Nc4 17. Rh3 Qc7 18. Bc1 Rfd8 19. h5 d5 20. h6 e5
21. Qf2 d4 22. Bxc4 Qxc4 23. b3 Qc5 24. Rhd3 exf4 25. Bxf4 g6 26. Nd5 Bxd5 27.
Rxd4 Rd7 28. exd5 Rxd5 29. Be3 Rxd4 30. Rxd4 Qc6 31. Qd2 a5 32. Rd5 Bxa3 33.
Rd8+ Rxd8 34. Qxd8+ Bf8 35. Qxa5 {1/2-1/2 (35) Cuccumini,V (2157)-Petrigin,M 
(2109) ICCF email 2013}) 13. Nxc6 $6 {[%emt 0:06:30]} (13. h4 O-O 14. h5 (14.
f4 Qc7 15. h5 Nb6 16. g6 $36) 14... Nxd4 15. Bxd4 Bxg5 16. f4 Bh6 17. Rg1 $44)
13... Rxc6 {[%emt 0:01:30]} 14. f4 {[%emt 0:04:30]} O-O {[%emt 0:08:30]} 15.
Rg1 $6 {[%emt 0:03:30] Semble trop lent} (15. h4 Nb6 16. h5 Nc4 17. Bxc4 Rxc4
18. g6 $13) 15... Qa5 {[%emt 0:04:30]} 16. Kb1 {[%emt 0:10:30]} (16. Bd4) 16...
Rxc3 $1 {[%emt 0:05:30] Classique mais très efficace} 17. Qxc3 {[%emt 0:00:30]
} Qxc3 {[%emt 0:00:00]} 18. bxc3 {[%emt 0:00:00]} Bxe4 $44 {[%emt 0:00:00]
[%csl Ge4,Ge7]} 19. Bd3 {[%emt 0:11:00]} Bd5 {[%emt 0:08:30]} 20. f5 {[%emt 0:
14:30]} Rc8 {[%emt 0:04:30]} 21. fxe6 {[%emt 0:00:30]} fxe6 {[%emt 0:01:30]}
22. g6 {[%emt 0:13:30]} h6 {[%emt 0:07:30]} 23. Bf5 {[%emt 0:11:41]} Bc4 $17 {
[%emt 0:05:30]} 24. Bg4 {[%emt 0:03:46]} Ne5 {[%emt 0:03:30][%csl Ge5] Les
pièces Noires sont placées sur des cases optimales} 25. Bf4 {[%emt 0:01:10]}
Nxg4 {[%emt 0:03:30]} 26. hxg4 {[%emt 0:00:24]} e5 $36 {[%emt 0:00:30][%csl
Ge5]} 27. Bc1 {[%emt 0:02:22]} d5 {[%emt 0:07:30][%csl Gd5,Ge5][%cal Ge7f6]}
28. g5 {[%emt 0:04:11]} hxg5 {[%emt 0:03:30]} 29. Bxg5 {[%emt 0:00:36]} Bxa3 {
[%emt 0:00:00]} 30. Rde1 {[%emt 0:00:35]} Bd6 {[%emt 0:04:00]} (30... e4) 31.
Bh4 {[%emt 0:01:16]} a5 {[%emt 0:01:30]} 32. Rg5 {[%emt 0:00:24]} e4 {[%emt 0:
03:35]} 33. Bg3 {[%emt 0:01:03]} Bxg3 {[%emt 0:01:29]} 34. Rxg3 {[%emt 0:00:03]
} Rc6 {[%emt 0:00:57]} 35. Kb2 {[%emt 0:00:44]} Re6 {[%emt 0:01:18]} 36. Ra1 {
[%emt 0:01:24]} a4 {[%emt 0:00:06]} 37. Re1 $2 $138 {[%emt 0:00:06]} (37. Rh1
$1 {Empêche indirectement Kf8} Kf8 38. Rh8+ Ke7 39. Rg8 Kf6 40. Rf8+) 37...
Kf8 $19 {[%emt 0:01:06] Après la centralisation du K Noir, le gain technique
n'est pas trop difficile.} 38. Ree3 {[%emt 0:00:10]} Ke7 {[%emt 0:00:17]} 39.
Rg2 {[%emt 0:01:12]} Kf6 {[%emt 0:04:46]} 40. Ka3 {[%emt 0:00:33]} Kf5 {
[%emt 0:00:00]} 41. Reg3 {[%emt 0:05:50]} e3 {[%emt 0:22:26]} 42. Rf3+ {
[%emt 0:00:30]} Ke4 {[%emt 0:00:00]} 43. Rgg3 {[%emt 0:00:30]} d4 {[%emt 0:01:
00]} 44. cxd4 {[%emt 0:00:30]} Kxd4 {[%emt 0:00:30]} 45. Kb4 {[%emt 0:00:30]}
e2 {[%emt 0:02:20]} 46. c3+ {[%emt 0:03:30]} Ke5 {[%emt 0:00:40]} 0-1

[Event "EU-Cup 05th round of 16"]
[Site "Clichy"]
[Date "1986.01.05"]
[Round "2.2"]
[White "Renet, Olivier"]
[Black "Tal, Mihail"]
[Result "1/2-1/2"]
[WhiteElo "2385"]
[BlackElo "2600"]
[Annotator "RR"]
[PlyCount "67"]
[EventDate "1986.01.04"]
[EventType "team-match"]
[EventRounds "2"]
[EventCountry "FRA"]
[SourceTitle "EXT 2010"]
[Source "ChessBase"]
[SourceDate "2010.11.25"]
[SourceVersion "1"]
[SourceVersionDate "2010.11.25"]
[SourceQuality "1"]
[WhiteTeam "Clichy Echecs 92"]
[BlackTeam "Trud"]
[WhiteTeamCountry "FRA"]
[BlackTeamCountry "URS"]

1. e4 c5 2. Nf3 e6 3. d4 cxd4 4. Nxd4 Nf6 5. Nc3 d6 6. g4 Nc6 7. g5 Nd7 8. Be3
Nb6 (8... Be7 $142) 9. h4 d5 {[%cal Gf8b4]} 10. Bb5 Bd7 11. exd5 exd5 12. Qe2
Be7 13. O-O-O $16 O-O 14. Nb3 $5 (14. f4 $6) 14... Be6 15. Nc5 (15. f4 Re8 16.
h5 $36 Bb4 17. Qd3 Nc4 18. Bc5 Bxc5 19. Nxc5 Qd6 20. Qxc4 {1-0 Glek,I (2530)
-Dydyshko,V (2500)/Azov 1991/CBM 025}) 15... Bxc5 16. Bxc5 Re8 17. Qf3 $1 Nd7
$146 ({RR} 17... a6 18. Bf1 Rc8 19. Qg3 Nd7 20. Be3 Qa5 21. Bd4 Nxd4 22. Rxd4
Nb8 23. h5 Qc5 24. Rd2 Nc6 25. Bg2 Rcd8 26. h6 g6 27. Rhd1 Qc4 28. Bxd5 Bxd5
29. Rxd5 Rc8 30. a3 Na7 31. Qf3 Qc6 32. Qd3 {Guseinov,A (2200)-Klovsky,R (2200)
/Moscow 1979/MCD/1-0 (33)}) 18. Bd4 $5 (18. Nxd5 Nxc5 19. Nf6+ gxf6 20. Rxd8
Raxd8 21. gxf6 $40 {Tal}) 18... a6 19. Ba4 Qa5 20. h5 (20. Rhe1 $5) 20... Rac8
21. Bxc6 $1 bxc6 22. g6 f6 $2 (22... c5) 23. gxh7+ Kh8 24. h6 g6 25. Bxf6+ Kxh7
26. Bg7 Bf5 27. Rh4 Ne5 28. Qf4 $6 $138 (28. Qg3) (28. Bxe5) 28... Qc7 $138 (
28... Nc4 $142 $13) 29. b3 Qe7 30. Qb4 Qg5+ 31. Qf4 Qe7 32. Qb4 Qg5+ 33. Qf4
Qe7 34. Qb4 1/2-1/2

[Event "Bundesliga 0607"]
[Site "Germany"]
[Date "2006.12.10"]
[Round "6.4"]
[White "Bromberger, Stefan"]
[Black "Timman, Jan H"]
[Result "1/2-1/2"]
[WhiteElo "2505"]
[BlackElo "2565"]
[Annotator "Reeh,O"]
[PlyCount "93"]
[EventDate "2006.10.28"]
[EventType "team-tourn"]
[EventRounds "15"]
[EventCountry "GER"]
[SourceTitle "CBM 116"]
[Source "ChessBase"]
[SourceDate "2007.02.01"]
[SourceVersion "1"]
[SourceVersionDate "2007.02.01"]
[SourceQuality "1"]
[WhiteTeam "Tegernsee"]
[BlackTeam "Porz"]
[WhiteTeamCountry "GER"]
[BlackTeamCountry "GER"]

1. e4 c5 2. Nf3 d6 3. d4 cxd4 4. Nxd4 Nf6 5. Nc3 e6 6. g4 h6 7. h4 Nc6 8. Nxc6
bxc6 9. Qf3 d5 10. g5 Nd7 11. exd5 cxd5 12. Bf4 Bb7 13. O-O-O Qb6 14. g6 f5 15.
Qe2 Be7 16. Rh3 (16. Nb5 $5 {was very tempting here, for example war hier sehr
verlockend, zum Beispiel} Rc8 17. Nd4 Nc5 18. Qb5+ Qxb5 19. Bxb5+ Kf8 20. Rde1
{and e6 falls. und e6 fällt.}) 16... O-O {Now Black is okay. Nun ist die
schwarze Stellung in Ordnung.} 17. Re3 Nc5 18. Nb5 Bf6 19. Bc7 Qc6 20. Bd6 f4
$5 21. Rxe6 $5 {Both sides act according to the principle: never surrender the
initiative to the opponent! Beide Seiten agieren nach dem Motto: Dem Gegner
nur nicht die Initiative überlassen!} f3 22. Qe1 Nxe6 23. Qxe6+ Kh8 24. Nc7
Rfe8 ({Better was Besser war} 24... Rac8 $1 {e.g. , zum Beispiel} 25. Bb5 (25.
Bxf8 Qxc7 {with a mate threat on c2. mit Mattdrohung auf c2.}) (25. Qxd5 Qxc7
$1 26. Bxc7 Bxd5) 25... Qb6 {and Black maintains his material plus. und
Schwarz behauptet sein materielles Plus.}) 25. Nxe8 Rxe8 26. Qf7 Rc8 27. Bd3
Qxd6 28. Qxb7 Qf4+ ({Stronger was the immediate Das sofortige} 28... Rb8 {
war stärker.}) 29. Kb1 Rb8 {This is what Black had in mind, and indeed it
looks as if White can prevent a catastrophe in the b-file. But... Das hatte
Schwarz vorgeschwebt, und wirklich sieht es so aus, als könne Weiß eine
Katastrophe in der b-Linie nicht verhindern. Jedoch...} {[%tqu "En","How can
White avoid a catastrophe on b2?","Black's back rank is weak.","","d1e1","Yes,
the only move!  Now 30...Rxb7 fails to 31.Re8++!",10,"De","Wie kann Weiß eine
Katastrophe auf b2 vermeiden?","Die schwarze Grundreihe ist schwach.","",
"d1e1","Ja, der einzige Zug!   Nun scheitert 30...Txb7 an 31.Te8++!",10]} 30.
Re1 $1 Bxb2 $5 {Opening the b-file. Again it seems that White is lost...
Öffnet die b-Linie. Erneut scheint es, als ob Weiß verloren ist...} ({
Interesting was the intermediate move Interessant war der Zwischenzug} 30...
Bc3 $5 {in order to chase away the white rook from the back rank. um den
weißen Turm von der Grundreihe zu vertreiben.} 31. Re7 {and only now und jetzt
erst} Bxb2 32. Kxb2 ({since now the game move denn nun scheitert der Partiezug
} 32. Bb5 {fails to an} {[%tqu "En","Again you have 10 seconds to find what?",
"","","f4c1","Of course! Mate in one!",10,"De","Wieder haben Sie 10 Sekunden,
um was zu finden?","","","f4c1","Natürlich! Matt in einem Zug!",10]} Qc1#)
32... Rxb7+ 33. Rxb7 {Surprisingly enough, despite his material advantage
Black can't win here because his king is hopelessly boxed in.
Überraschenderweise kann Schwarz danach trotz seines Materialvorteils nicht
gewinnen, da sein König hoffnungslos eingeklemmt ist.}) {[%tqu "En","","","",
"d3b5","",10]} 31. Bb5 $1 {Blocking the d-file and enabling White to liquidate
on e8, leading to a drawish endgame. Blockiert die b-Linie und sichert die
rettende Vereinfachung auf e8.} (31. Qxb2 Rxb2+ 32. Kxb2 Qb4+ 33. Kc1 Qxe1+)
31... Bd4 32. Qxb8+ $1 Qxb8 33. Re8+ Qxe8 34. Bxe8 Bxf2 35. h5 {The endgame is
a clear draw. Das Endspiel ist klar remis.} Be3 36. c3 f2 37. Bb5 Kg8 38. Kc2
Kf8 39. Kd1 Ke7 40. Ke2 Bc5 41. Bc6 Kd6 42. Bb7 Ke5 43. Bc6 a5 44. a4 Be3 45.
Bb7 d4 46. cxd4+ Bxd4 47. Kf1 {A fascinating struggle! Ein faszinierender
Kampf!} 1/2-1/2

[Event "CUB-ch"]
[Site "Matanzas"]
[Date "1997.03.25"]
[Round "9"]
[White "Becerra Rivero, Julio"]
[Black "Vera Gonzalez Quevedo, Reynaldo"]
[Result "1/2-1/2"]
[WhiteElo "2510"]
[BlackElo "2510"]
[Annotator "Rodriguez,Am"]
[PlyCount "96"]
[EventDate "1997.03.15"]
[EventType "tourn"]
[EventRounds "13"]
[EventCountry "CUB"]
[EventCategory "7"]
[SourceTitle "CBM 057 Extra"]
[Source "ChessBase"]
[SourceDate "1997.05.01"]
[SourceVersion "1"]
[SourceVersionDate "1997.05.01"]
[SourceQuality "1"]

1. e4 c5 2. Nf3 d6 3. d4 cxd4 4. Nxd4 Nf6 5. Nc3 a6 6. Be3 e6 7. g4 h6 8. f4 b5
9. a3 $146 (9. Bg2 Bb7 10. g5 (10. a3 Nbd7 11. O-O (11. g5 hxg5 12. fxg5 Nh5
13. g6 Ne5 14. gxf7+ Kxf7 15. O-O+ Nf6 {Shirov-Van Wely, Tilburg 1996}) 11...
g6 12. Qe2 e5 13. Nb3 exf4 14. Bxf4 Ne5 {Shirov-Van Wely, Groningen 1996})
10... hxg5 11. fxg5 Nh5 $5 (11... b4 $6 12. Na4 Nh5 13. O-O Nd7 14. g6 Nhf6 15.
c3 $1 $40 {Ivanchuk-Topalov, Las Palmas 1996}) 12. O-O Nd7 13. g6 Nhf6 14.
gxf7+ Kxf7 15. e5 $6 Bxg2 16. exf6 Bxf1 17. Nxe6 Qxf6 $1 18. Ng5+ Kg6 19. Qd5 {
Kulaots-Gavrikov, Hallsberg 1996} Rh4 $1 {Gavrikov} 20. Nce4 Rg4+ 21. Ng3 Rxg5
$1 22. Bxg5 Qxg5 23. Qxa8 Bh3 $17) 9... Bb7 10. Bg2 Nbd7 11. g5 hxg5 12. fxg5
Nh5 13. g6 Qh4+ $146 (13... Ne5 {would transpose to the above mentioned game
Shirov-Van Wely, Tilburg 1996}) 14. Bf2 Qg5 15. gxf7+ Kxf7 16. Rg1 Nf4 17. Bf1
Qf6 {Black seems to be fine but White starts slowly consolidating and
improving his position.} 18. Bg3 e5 (18... g5 $5) 19. Nb3 Rc8 20. Qd2 Be7 21.
O-O-O Kg8 22. Kb1 Qf7 23. Qe3 Nc5 24. Nxc5 Rxc5 25. Ne2 $5 Qc4 26. Nd4 $1 Qa4
27. Bxf4 exd4 28. Qxd4 Qxd4 (28... Qxc2+ 29. Ka2 $1 (29. Ka1 Bf6 30. Qxf6 Qxd1+
31. Ka2 Bd5+ 32. exd5 Qxd5+ 33. Kb1 Qd1+ $11) 29... Rh7 30. Bd3 Qa4 31. Qxa4
bxa4 32. e5 $16) 29. Rxd4 Rh4 30. Bxd6 Bxd6 31. Rxd6 Bxe4 32. Rd2 Rd5 $6 33.
Rxd5 Bxd5 34. h3 Be4 $2 (34... Be6 $142 $14) 35. Rg4 Rxg4 36. hxg4 $16 Kf7 37.
Be2 Kf6 38. Kc1 Kg5 39. Kd2 Kf4 40. b3 Bf3 41. Bd3 $4 (41. Bxf3 $1 Kxf3 42. c4
$1 bxc4 (42... Kxg4 43. cxb5 axb5 44. a4 $18) 43. b4 $3 $18) 41... Bxg4 42. c4
bxc4 43. Bxc4 Bc8 $11 44. b4 g5 45. Ke2 Ke4 46. Kf2 Kd4 47. Be2 Kc3 48. Kg3 Kb3
1/2-1/2

[Event "Hoogeveen Unive Crown 16th"]
[Site "Hoogeveen"]
[Date "2012.10.23"]
[Round "3"]
[White "Nakamura, Hikaru"]
[Black "Hou, Yifan"]
[Result "1-0"]
[WhiteElo "2775"]
[BlackElo "2623"]
[Annotator "Safarli,E"]
[PlyCount "97"]
[EventDate "2012.10.21"]
[EventType "tourn"]
[EventRounds "6"]
[EventCountry "NED"]
[EventCategory "18"]
[SourceTitle "CBM 151"]
[Source "ChessBase"]
[SourceDate "2012.11.13"]
[SourceVersion "1"]
[SourceVersionDate "2012.11.13"]
[SourceQuality "1"]

1. e4 c5 2. Nf3 d6 3. d4 cxd4 4. Nxd4 Nf6 5. Nc3 e6 6. g4 h6 7. Rg1 (7. h4 Nc6
8. Rg1 h5 9. gxh5 Nxh5 10. Bg5 Nf6 {is the main line. Hundreds of games have
been played here and most are extremely important.}) 7... e5 $6 {This move
weakens Black's position and probably she does not have sufficient counterplay.
} (7... Nc6 {is I think the best for Black.} 8. Be3 {Probably this was
Hikaru's plan during his preparation.} (8. h4 h5 {transposes to the main lines}
)) 8. Bb5+ Nbd7 (8... Bd7 $6 {is dubious because after} 9. Bxd7+ Qxd7 (9...
Nbxd7 10. Nf5 Nc5 11. Qf3 {and I don't like Black's position here.}) 10. Nf5 g6
(10... h5 $2 {now it doesn't work because after} 11. Bg5 {White is almost
winning.}) 11. Ne3 $14 {White is just much better.}) 9. Nf5 a6 10. Bxd7+ Qxd7
11. g5 (11. Qf3 $5 {was also possible.}) 11... Nxe4 12. Nxg7+ $1 Bxg7 13. Nxe4
Qc6 14. Qd3 $1 {I liked this quiet move. First I was looking at 14.Nxd6+, but
it seems that Black is okay there, compared to the game.} (14. Nxd6+ Ke7 15.
Nxc8+ Raxc8 16. c3 Rcd8 17. Qg4 hxg5 18. Bxg5+ Bf6 19. h4 Bxg5 20. Qxg5+ Qf6 {
with a good chances to save the game.}) 14... Ke7 15. gxh6 Bxh6 16. Bxh6 Rxh6
17. Qe3 $1 Rh5 $8 18. Rd1 $1 ({A little lapse in caution after} 18. O-O-O Bf5
19. Nc3 Rah8 20. Rd2 Kf8 {could take Black to an okay position.}) 18... Bf5 19.
Ng3 Bxc2 $2 (19... Rah8 $1 {was the last chance for Hou Yifan} 20. h3 $1 {
This seems very strong and it's the first line of my engine. I doubt that
White wanted to play it.} (20. Nxh5 $6 Rxh5 $132 {Here Black has enough
compensation.}) 20... Bxh3 21. Nxh5 Rxh5 22. Kd2 $1 Bf5 23. Qc3 Qb6 24. Kc1 Rh2
25. Rgf1 {White is better here, but anyway it's not so easy.}) 20. Nxh5 Bxd1
21. Kxd1 Qd5+ 22. Ke2 Qxa2 23. Qg5+ Kd7 24. Qf5+ ({White could have won the
game by force after} 24. Rc1 $1 Qxb2+ 25. Kf1 $18) 24... Ke7 25. Qc2 Qa5 26.
Ng3 Qb5+ 27. Kf3 Qc6+ 28. Qe4 Rh8 29. Nf5+ Kd7 30. h4 {White has an
overwhelming advantage. In a few moves Black is obliged to confess to being
defeated.} Qb5 31. Rd1 Qxb2 32. Nxd6 Kc7 33. Nc4 Qb5 34. Nxe5 f6 35. Rc1+ Kb8
36. Rb1 f5 37. Qxf5 Qd5+ 38. Qe4 Rf8+ 39. Ke3 Qc5+ 40. Qd4 Qxd4+ 41. Kxd4 Rf4+
42. Ke3 Rxh4 43. f4 Kc7 44. f5 Kd6 45. Ng6 Rh7 46. Rd1+ Kc7 47. Kf4 b5 48. f6
Rf7 49. Ke5 1-0